Welcome to the Holygrace Academy Library

Please use search bar below to get started

GREAT INVENTORS (Record no. 6441)

MARC details
000 -LEADER
fixed length control field 00279nam a22001337a 4500
082 ## - DEWEY DECIMAL CLASSIFICATION NUMBER
Classification number 920
Item number SRI/G
100 ## - MAIN ENTRY--AUTHOR NAME
Personal name SRNIVASAN,ARCHANA
245 ## - TITLE STATEMENT
Title GREAT INVENTORS
250 ## - EDITION STATEMENT
Edition statement 2009
260 ## - PUBLICATION, DISTRIBUTION, ETC. (IMPRINT)
Place of publication INDIA
Name of publisher FIRST EDITION
300 ## - PHYSICAL DESCRIPTION
Number of Pages 92
650 ## - SUBJECT ADDED ENTRY--TOPICAL TERM
Topical Term BIOGRAPHIES
Geographic subdivision CHENNAI
942 ## - ADDED ENTRY ELEMENTS (KOHA)
Koha item type Books
Holdings
Withdrawn status Lost status Collection code Home library Current library Shelving location Date acquired Source of acquisition Full call number Accession Number Koha item type
    Reference Main Library Main Library SHELF-17-L-BIOGRAPHIES & AUTOBIOGRAPHIES 09/03/2012 PURCHASE 920 SRI/G 03888 Books